<?xml version="1.0" encoding="UTF-8"?>
<collection xmlns="http://www.loc.gov/MARC21/slim">
 <record>
  <leader>00453pamaa2200157   4500</leader>
  <controlfield tag="001">0000015207</controlfield>
  <controlfield tag="005">20060925090000.0</controlfield>
  <datafield tag="020" ind1="0" ind2="0">
   <subfield code="a">0333368584 </subfield>
  </datafield>
  <datafield tag="082" ind1=" " ind2=" ">
   <subfield code="a">692.5 SEE 1984</subfield>
  </datafield>
  <datafield tag="090" ind1="0" ind2="0">
   <subfield code="a">TH435 </subfield>
   <subfield code="b">SEE 1984</subfield>
  </datafield>
  <datafield tag="100" ind1="1" ind2="0">
   <subfield code="a">SEELEY </subfield>
  </datafield>
  <datafield tag="245" ind1="1" ind2="0">
   <subfield code="a">Quantity surveying practice  </subfield>
   <subfield code="c">Ivor H. Seeley.</subfield>
  </datafield>
  <datafield tag="260" ind1="0" ind2="0">
   <subfield code="a">London: </subfield>
   <subfield code="b">Macmillan, </subfield>
   <subfield code="c">1984.</subfield>
  </datafield>
  <datafield tag="300" ind1=" " ind2=" ">
   <subfield code="a">xii, 318p.: </subfield>
   <subfield code="b">24cm.</subfield>
  </datafield>
  <datafield tag="650" ind1="0" ind2="0">
   <subfield code="a">Building -- </subfield>
   <subfield code="x">Estimates -- </subfield>
   <subfield code="z">Great Britain </subfield>
  </datafield>
  <datafield tag="650" ind1="0" ind2="0">
   <subfield code="a">Quantity surveying -- </subfield>
   <subfield code="z">Great Britain </subfield>
  </datafield>
 </record>
</collection>
